Countries Germany Has Declared War On - Statistics

General Stats
  • This quiz has been taken 52 times
  • The average score is 25 of 36
Answer Stats
Date Conflict Outcome Answer % Correct
963 Raid on ______ Victory Poland
98%
1806 War of the Fourth Coalition Victory Russia
98%
1526 War of the League of Cognac Victory United Kingdom
98%
974 Rebellion of Harold Bluetooth Victory Denmark
96%
1866 Austro-Prussian War Victory Italy
96%
1809 War of the Fifth Coalition Victory Austria
93%
978 _______-German War Defeat France
93%
1609 War of the Juliet Succession Treaty Netherlands
91%
1914 World War I Defeat Belgium
89%
1899 Boxer Rebellion Victory China
89%
974 Rebellion of Harold Bluetooth Victory Norway
89%
1898 Second Samoan Civil War Compromise United States
89%
1808 Peninsular War Defeat Portugal
87%
1028 Campaign Against ______ Defeat Hungary
84%
1733 War of the Polish Succession Treaty Spain
84%
1914 World War I Defeat Romania
82%
1939 World War II Defeat Luxembourg
80%
1618 Thirty Years War Defeat Sweden
80%
1990 Gulf War Victory Iraq
78%
1914 World War I Defeat Japan
76%
1914 World War I Defeat Serbia
76%
1914 World War I Defeat Greece
73%
1530 Little War in Hungary Defeat Turkey
73%
2001 War in ________ Defeat Afghanistan
69%
1936 Sudeten German Uprising Defeat Czechia
67%
1918 ______ Civil War Victory Finland
67%
1499 Swabian War Defeat Switzerland
67%
1202 Fourth Cursade Victory Croatia
49%
1914 World War I Defeat Montenegro
44%
1228 War of the Lombards Defeat Israel
40%
1542 Italian War of 1542 Inconclusive Algeria
31%
1939 World War II Defeat Ethiopia
24%
1228 War of the Lombards Defeat Cyprus
18%
1899 Adamawa Wars Victory Cameroon
16%
1241 ______ Incursions Victory Mongolia
11%
1878 ______ Civil War Victory Nauru
2%
No matching quizzes found
Score Distribution
Percent of People with Each Score
Percentile by Number Answered
Your Score History
You have not taken this quiz